Los orígenes de la burguesía
Furkejuvvon:
| Váldodahkki: | |
|---|---|
| Materiálatiipa: | Girji |
| Giella: | espánnjágiella |
| Almmustuhtton: |
Buenos Aires
Compañía General Fabril
1962
|
| Ráidu: | Los Libros del Mirasol
|
| Fáttát: | |
| Fáddágilkorat: |
Lasit fáddágilkoriid
Eai fáddágilkorat, Lasit vuosttaš fáddágilkora!
|
MARC
| LEADER | 00000nam a2200000 a 4500 | ||
|---|---|---|---|
| 001 | UCT7039 | ||
| 003 | CL-VaPUC | ||
| 008 | 970116e19620000AG |||||||||||||||||spa|d | ||
| 082 | 0 | 4 | |a 305.55 |b PER |2 21 |
| 100 | 0 | |a Pernoud, Regine |e author |9 377616 | |
| 245 | 1 | 4 | |a Los orígenes de la burguesía |
| 300 | |a 151 p | ||
| 942 | |c BK | ||
| 945 | |d 19970116 00:00:00 |a paguirre | ||
| 260 | |a Buenos Aires |b Compañía General Fabril |c 1962 | ||
| 650 | 7 | |a CLASE MEDIA |2 CL-VaPUC |9 255144 | |
| 650 | 7 | |a ESTRUCTURA SOCIAL |2 CL-VaPUC |9 377617 | |
| 650 | 0 | |a Sociología |9 255410 | |
| 650 | 0 | |a Clases sociales |9 256858 | |
| 650 | 0 | |a Historia |9 255047 | |
| 650 | 7 | |a EMPLEADOS PUBLICOS |2 CL-VaPUC |9 256133 | |
| 583 | |a last modification |c 19970116 00:00:00 |k Rodrigo Vera | ||
| 490 | 0 | |a Los Libros del Mirasol | |
| 999 | |c 255702 |d 255700 | ||
| 952 | |0 0 |1 0 |4 0 |6 305_550000000000000_PER_1962 |7 0 |8 A |9 278079 |a BIBDER |b BIBDER |d 2019-11-19 |i 1805541 |o 305.55 PER 1962 |p 1805541 |r 2023-01-25 |w 2019-11-19 |y BK |k DER | ||